000 00829nam a2200229Ii 4500
003 JO-AjNU
008 230605s9999||||xx |||||||||||||| ||und||
017 _a2002/4990
020 _a977-5022-37-1
040 _aJO-AjNU
_bara
_erda
_cJO-AjNU
041 _aara
050 1 4 _aBP165
100 3 _aسالم، عبد المقصود محمد ، تجميع وتنسيق: محمد محمود عبد العليم,
_eauthor
_934611
245 0 0 _aالحضرة في رحاب الله مع سيدنا رسول الله صلى الله عليه وسلم
250 _aط8
264 3 1 _aالقاهرة: شركة الشمرلي للطباعة والنشر، د.ت
300 _a127ص
336 _atext
_btxt
_2rdacontent
337 _aunmediated
_bn
_2rdamedia
338 _avolume
_bnc
_2rdacarrier
650 4 _aالاسلام
_934612
999 _aA14209
_c17777
_d17777